000 00798nam a2200169Ia 4500
008 180921t2018 xxu||||| |||| 00| 0 sin d
041 _asin
080 _a294.3
_bSIR
100 _a පරගස්තොට ලක්ඛණ හිමි
_ecom.
245 _aසිරිසුදම්: අතිපූජ්‍ය පරගස්තොට සුධම්ම නාහිමි අභිනන්දන ධර්ම ශාස්ත්‍රීය සංග්‍රහය
246 _aSisudam: athipujaya garagasthota sudhamma nahimi abhinandana darama shasthiya sangarahaya
260 _bලක්නා ප්‍රින්ටර්ස්
_aවාද්දූව
_c2018
300 _bපි.87, xxx, සෙ.මී.21
942 _cBK
999 _c5264
_d5264
003 LK-CoDNM
040 _aLK-CoDNM
_dLK-CoDNM
_eLK-CoDNM